Score 0/20 Timer 04:00
2 Plays Today
Person % Correct
Prince
97%
Bob Dylan
80.2%
Vince Vaughn
77.3%
Judy Garland
62.4%
Chris Pratt
62%
John Madden
61.7%
Jesse Ventura
60%
Jessica Biel
52.9%
Lindsey Vonn
49%
Winona Ryder
47.5%
Person % Correct
Loni Anderson
46.6%
Joe Mauer
38.8%
Walter Mondale
36.3%
Roger Maris
33.4%
Seann William Scott
31.8%
Cheryl Tiegs
29.7%
Jessica Lange
27.3%
Charles M. Schulz
25.4%
Josh Hartnett
22.8%
F. Scott Fitzgerald
18.7%
Remove Ads.
Support Sporcle.
Get the best of Sporcle when you Go Orange. This ad-free experience offers more features, more stats, and more fun while also helping to support Sporcle. Thank you for becoming a member.

You're not logged in!

Compare scores with friends on all Sporcle quizzes.
OR
Log In

Show Comments

Extras

Top Quizzes Today


Score Distribution

Your Account Isn't Verified!

In order to create a playlist on Sporcle, you need to verify the email address you used during registration. Go to your Sporcle Settings to finish the process.

Report this User

Report this user for behavior that violates our Community Guidelines.

Details: